| 000 | 00811cam a2200265 4500 | ||
|---|---|---|---|
| 001 | M1416 | ||
| 008 | 090401t1993 xxu||||| |||| 00| 0 eng d | ||
| 035 | _a(Sirsi) u31811 | ||
| 041 | _aeng | ||
| 050 | _a333.0062 | ||
| 090 | _aRICS 1993/33A | ||
| 100 | _aJonas, Christopher | ||
| 245 | _aConservative Backbench Finance Committee: address by the President of the Royal Institution of Chartered Surveyors, Christopher Jonas, to the ... committee at the House of Commons | ||
| 260 |
_aLondon _bRICS _c1993 |
||
| 300 | _a(6) leaves ; 30cm. | ||
| 350 | _a0 | ||
| 650 | _aCONSERVATIVE BACKBENCH FINANCE COMMITTEE | ||
| 650 | _aHOUSE OF COMMONS | ||
| 650 | _aNATIONAL ECONOMY | ||
| 650 | _aPROPERTY | ||
| 650 | _aSPEECHES | ||
| 690 | _aPROPERTY LAW AND PRACTICE | ||
| 942 | _n0 | ||
| 948 | _c04/03/1997 | ||
| 999 |
_c89630 _d89630 |
||